[Event "IND-ch U17 34th"]
[Site "Chandigarh"]
[Date "2024.07.15"]
[Round "1"]
[White "Bhatia, Arnav"]
[Black "Koustuv, Dash"]
[Result "0-1"]
[WhiteElo "1632"]
[BlackElo "2101"]
[PlyCount "70"]
[EventDate "2024.07.15"]
[EventType "swiss"]
[EventRounds "11"]
[EventCountry "IND"]
[SourceTitle "CBM 221 Extra"]
[Source "ChessBase"]
[SourceDate "2024.09.30"]
[SourceVersion "1"]
[SourceVersionDate "2024.09.30"]
[SourceQuality "1"]

1. e4 c6 2. d4 d5 3. exd5 cxd5 4. c4 Nf6 5. Nc3 Nc6 6. Bf4 Bg4 7. Qa4 dxc4 8. Be3 a6 9. Qxc4 e6 10. a3 Rc8 11. Be2 b5 12. Qd3 Bxe2 13. Qxe2 Nxd4 14. Bxd4 Qxd4 15. Qf3 Qb6 16. Nge2 Be7 17. 0-0 0-0 18. Rad1 Rfd8 19. Ng3 Bc5 20. Nge4 Bd4 21. b4 Nxe4 22. Nxe4 Rd5 23. Rd3 h6 24. h3 Rc2 25. Kh1 Qc6 26. Rfd1 Rf5 27. Qg3 Bxf2 28. Rd8+ Kh7 29. Qb8 Qxe4 30. Rh8+ Kg6 31. Rf8 Rg5 32. Qh2 Bg3 33. Qg1 Rh5 34. Qf1 Rxh3+ 35. Kg1 Qe3+ 0-1